[Event "SUI-chT"]
[Site "Switzerland"]
[Date "2002.09.08"]
[Round "7.6"]
[White "Thaler, Toni"]
[Black "Papa, Severin"]
[Result "0-1"]
[WhiteElo "2165"]
[BlackElo "2326"]
[PlyCount "64"]
[EventDate "2002.03.03"]
[EventType "team-tourn"]
[EventRounds "9"]
[EventCountry "SUI"]
[SourceTitle "EXT 2003"]
[Source "ChessBase"]
[SourceDate "2002.11.25"]
[SourceVersion "1"]
[SourceVersionDate "2002.11.25"]
[SourceQuality "1"]

1. d4 e6 2. c4 Nf6 3. Nf3 b6 4. a3 Bb7 5. Nc3 Ne4 6. Nxe4 Bxe4 7. d5 Be7 8. Nd4 exd5 9. cxd5 0-0 10. Nb5 Re8 11. Bf4 Na6 12. Rc1 Bg5 13. Bxg5 Qxg5 14. Nc3 Nc5 15. e3 Bg6 16. Qf3 Nb3 17. h4 Qe5 18. h5 Bf5 19. Rd1 Bc2 20. Bc4 Bxd1 21. Kxd1 Nc5 22. Rh4 h6 23. Kc2 Nb7 24. Ne4 Nd6 25. Nxd6 Qxd6 26. Rf4 Re7 27. e4 Rae8 28. e5 Rxe5 29. Rxf7 b5 30. Bb3 Re1 31. Rf4 a5 32. Kd3 Kh8 0-1

[Event "SUI-chT"]
[Site "Switzerland"]
[Date "2002.03.24"]
[Round "2.8"]
[White "Thaler, Toni"]
[Black "Hug, Marcel"]
[Result "1-0"]
[WhiteElo "2142"]
[BlackElo "2305"]
[PlyCount "41"]
[EventDate "2002.03.03"]
[EventType "team-tourn"]
[EventRounds "9"]
[EventCountry "SUI"]
[SourceTitle "EXT 2003"]
[Source "ChessBase"]
[SourceDate "2002.11.25"]
[SourceVersion "1"]
[SourceVersionDate "2002.11.25"]
[SourceQuality "1"]
[WhiteTeam "St Gallen"]
[BlackTeam "Zuerich"]
[WhiteTeamCountry "SUI"]
[BlackTeamCountry "SUI"]

1. d4 Nf6 2. c4 e6 3. Nf3 d5 4. Bg5 Be7 5. Nc3 h6 6. Bh4 0-0 7. Qc2 b6 8. e4 dxe4 9. Bxf6 exf3 10. Bxe7 Qxe7 11. Qe4 fxg2 12. Qxg2 c6 13. Rg1 f5 14. 0-0-0 Bb7 15. Re1 Rf6 16. d5 cxd5 17. Nxd5 Bxd5 18. Qxd5 exd5 19. Rxe7 Rf7 20. Rxf7 Kxf7 21. Bg2 1-0